Política social
Gespeichert in:
| 1. Verfasser: | |
|---|---|
| Format: | Buch |
| Sprache: | Spanisch |
| Erschienen: |
Madrid :
Doncel,
1973
|
| Ausgabe: | 13ª ed. |
| Katalog: | MANES: Suchergebnis im Bibliothekskatalog |
| Schulbuchspezifische Eigenschaften: |
|
| Schriftenreihe: | La Polar es lo que importa
|
| Schlagworte: | |
| Tags: |
Tag hinzufügen
Keine Tags, Fügen Sie den ersten Tag hinzu!
|
| Hinzugefügt zu: | 29.11.1999 |
| Geändert in: | 07.05.2025 |
MARC
| LEADER | 00000cam a2200000 i 4500 | ||
|---|---|---|---|
| 005 | 20250507134543.0 | ||
| 008 | 000000s1973 sp oa fp 000 0 spa d | ||
| 040 | |a uned |b spa |c entro-manes | ||
| 100 | 1 | |a Borrajo Dacruz, Efrén . |9 38898 | |
| 245 | 1 | 0 | |a Política social / |c Efrén Borrajo Dacruz |
| 250 | |a 13ª ed. | ||
| 260 | |a Madrid : |b Doncel, |c 1973 | ||
| 300 | |a 99 p : |b il. | ||
| 490 | 0 | |a La Polar es lo que importa | |
| 546 | |a España | ||
| 561 | |5 es-BUNED |3 L.T. 4320 |a España. Fondo Manes UNED |k MANES | ||
| 650 | 7 | |a Política social |9 38899 | |
| 690 | 0 | |a ECS | |
| 691 | 0 | |a SE | |
| 911 | |a PMCIU | ||
| 942 | |2 ddc |c BK | ||
| 999 | |c 97124 |d 97124 | ||
| 999 | |c manes:97124 |d 97124 | ||